| 000 | 00422nam a2200169Ia 4500 | ||
|---|---|---|---|
| 001 | 13036 | ||
| 003 | IN-NITTTR | ||
| 005 | 20251114233122.0 | ||
| 008 | 251113s9999||||xx |||||||||||||| ||eng|| | ||
| 040 | _beng | ||
| 040 | _cIN-NITTTR | ||
| 041 | _aeng | ||
| 082 | _a005.1 T594F | ||
| 100 | _aTomek, Ivan | ||
| 245 | 4 |
_aThe fast book of Josef : _b an introduction to computer programming / _cTomek, Ivan |
|
| 942 |
_2ddc _cBK |
||
| 999 |
_c15672 _d15672 |
||